|
|
|
|
| LEADER |
01055nam a2200217 a 4500 |
| 001 |
GR-MES2802 |
| 008 |
991111s1998 gr 000 0 gre d |
| 020 |
|
|
|a 9608548896
|
| 040 |
|
|
|a GrPaTEI
|b gre
|c GR-PaULI
|
| 245 |
0 |
0 |
|a Ανταγωνιστική γεωργία και αγροτική ανάπτυξη :
|b Καίρια διαρθωτικά προβλήματα και αντιμετώπισή τους.
|
| 260 |
|
|
|a Αθήνα :
|b Εθνική Τράπεζα της Ελλάδος,
|c 1998
|
| 300 |
|
|
|a 77σελ. :
|b πιν.,σχημ.
|
| 650 |
|
4 |
|a ΑΓΡΟΤΙΚΗ ΠΟΛΙΤΙΚΗ
|
| 650 |
|
4 |
|a Γεωργία
|
| 650 |
|
4 |
|a Οικονομία
|
| 710 |
0 |
|
|a Εθνική Τράπεζα της Ελλάδος
|
| 710 |
2 |
|
|a Εθνική Τράπεζα της Ελλάδος
|
| 942 |
|
|
|2 ddc
|
| 952 |
|
|
|0 0
|1 0
|2 ddc
|4 0
|6 338_130000000000000_ΕΠΙ
|7 0
|9 267229
|a MSLG
|b MSLG
|c BSC
|d 2021-01-17
|e 24
|f 0
|g 0.00
|l 0
|o 338.13 ΕΠΙ
|p 2420000012897
|r 2021-01-17 00:00:00
|t 1
|w 2021-01-17
|y BK15
|x 19991111 0 1
|x GrPaTEI
|
| 971 |
|
|
|a .b25738471
|b 15-04-20
|c 13-09-16
|
| 999 |
|
|
|c 153842
|d 153842
|